000 002310000a22000970004500
100 1 _aAnderson, Ray S.
245 1 0 _aWise as serpents and innocent as doves
300 _aNúm 9 (1985), Páginas 35
773 0 _tTogether
942 _cANA
999 _c56959
_d56959